000 00289nam a22001337a 4500
008 170727b xxu||||| |||| 00| 0 eng d
020 _a2900763732393
041 _aeng
080 _a004
100 _a31
101 _aSHKI
245 _aCOMPUTER SYSTEMS
_cWARFORD, J.S
942 _2udc
_cBK
999 _c22062
_d22062